| 000 | 00507nam a2200181Ia 4500 | ||
|---|---|---|---|
| 005 | 20250326123512.0 | ||
| 008 | 250326s9999 xx 000 0 und d | ||
| 037 | _aTextbook | ||
| 040 |
_aFMSL _beng _cFMSL |
||
| 041 |
_aeng _2eng |
||
| 084 |
_aU8 N7 _qFMSL |
||
| 100 |
_aTeare R _9735318 |
||
| 245 | 0 |
_aGlobal directions : new strategies for hospitality and tourism _cTeare R |
|
| 260 |
_aLondon _bLondon, Cassell _c1997 |
||
| 300 | _a415p | ||
| 942 |
_cTB _hU8 N7 |
||
| 999 |
_c1269642 _d1269642 |
||